Statistics for Top 10 Man Utd PL scorers

Click here to take the quiz!

General Stats

  • This quiz has been taken 481 times
  • The average score is 7 of 10

Answer Stats

HintAnswer% Correct
182Rooney
98%
84Ronaldo
91%
109Giggs
87%
107Scholes
85%
62Beckham
70%
93Cole
69%
48Van Persie
62%
64Cantona
60%
95Van Nistelrooy
59%
91Solskjaer
44%

Score Distribution

Percentile by Number Answered

Percent of People with Each Score

Your Score History

You have not taken this quiz